| 000 | 00387nam a2200169Ia 4500 | ||
|---|---|---|---|
| 001 | 9495 | ||
| 003 | GE_BSU | ||
| 008 | 181216s||||||||xx |||||||||||||| ||und|| | ||
| 020 | _a9770013061220 | ||
| 040 | _cGE_BSU | ||
| 245 | 4 | _aThe Economist, april 12th-18th 2014. | |
| 245 | _bvolume 411 number 8882 | ||
| 260 | _c2014 | ||
| 300 | _a94p. 27cm. | ||
| 653 | _aThe Economist | ||
| 942 | _cCR | ||
| 999 |
_c42789 _d42789 |
||